000 00298nam a22001337a 4500
008 170714b xxu||||| |||| 00| 0 eng d
020 _a9780195390360
041 _aeng
080 _25TH
_a101
100 _a24
101 _aFJA
245 _aINTRODUCTION TO PHILOSOPHY
_cPERRY,J
942 _2udc
_cBK
999 _c20739
_d20739